[Event "British Columbia op"]
[Site "Burnaby CAN"]
[Date "2025.02.15"]
[Round "1.11"]
[White "Leong, Ryan"]
[Black "Xu, Joey"]
[Result "1-0"]
[WhiteElo "2062"]
[BlackElo "1811"]
[WhiteFideId "-1"]
[WhiteFideId "-1"]
[PlyCount "57"]
[GameId "2162699947118083"]
[EventDate "2025.02.15"]
[EventType "swiss"]
[EventRounds "6"]
[EventCountry "CAN"]

1. Nf3 Nf6 2. c4 g6 3. b3 Bg7 4. Bb2 O-O 5. g3 d6 6. d4 c5 7. Bg2 Nc6 8. Nc3 Bf5 9. O-O cxd4 10. Nxd4 Nxd4 11. Qxd4 Ne4 12. Qe3 Nxc3 13. Bxc3 Bxc3 14. Qxc3 Rb8 15. Rfd1 Qc7 16. Rac1 Rfc8 17. Qe3 a5 18. h4 Be6 19. Qh6 Qd8 20. h5 Qf8 21. Qg5 Rc5 22. Bd5 b5 23. e4 bxc4 24. Rxc4 Rxc4 25. bxc4 Rc8 26. hxg6 Bxd5 27. gxh7+ Kxh7 28. Rxd5 Qg7 29. Qh4+ 1-0

[Event "British Columbia op"]
[Site "Burnaby CAN"]
[Date "2025.02.15"]
[Round "1.12"]
[White "Karthikeyan, Harishkumar"]
[Black "Taylor, Ashton"]
[Result "1-0"]
[WhiteElo "1809"]
[BlackElo "2061"]
[WhiteFideId "-1"]
[WhiteFideId "-1"]
[PlyCount "36"]
[GameId "2162699947118084"]
[EventDate "2025.02.15"]
[EventType "swiss"]
[EventRounds "6"]
[EventCountry "CAN"]

1. e4 c5 2. Nf3 Nc6 3. d4 cxd4 4. Nxd4 Nf6 5. Nc3 d6 6. f3 e5 7. Nb3 Be7 8. Be3 Be6 9. Qd2 d5 10. exd5 Nxd5 11. Nxd5 Qxd5 12. Qxd5 Bxd5 13. O-O-O O-O-O 14. Bb5 a6 15. Bd3 Kb8 16. Bb6 Rc8 17. Bf5 Bxb3 18. axb3 Rce8 1-0

[Event "British Columbia op"]
[Site "Burnaby CAN"]
[Date "2025.02.15"]
[Round "1.14"]
[White "Yuan, Jaydon"]
[Black "Ibrahim, Ismail"]
[Result "1-0"]
[WhiteElo "1800"]
[BlackElo "2020"]
[WhiteFideId "-1"]
[WhiteFideId "-1"]
[PlyCount "55"]
[GameId "2162699947118085"]
[EventDate "2025.02.15"]
[EventType "swiss"]
[EventRounds "6"]
[EventCountry "CAN"]

1. e4 e5 2. Nf3 Nc6 3. Bc4 Bc5 4. c3 d6 5. d3 h6 6. b4 Bb6 7. a4 a5 8. b5 Nce7 9. Qb3 f5 10. Bf7+ Kf8 11. Ba3 Nf6 12. Nxe5 Bd7 13. Nc4 fxe4 14. dxe4 Nxe4 15. O-O Bc5 16. Ra2 Ng5 17. Bh5 g6 18. Bxc5 dxc5 19. Rd2 Qc8 20. f4 Nh3+ 21. gxh3 gxh5 22. f5 Qe8 23. Ne5 Rg8+ 24. Kh1 Bc6+ 25. bxc6 Nxc6 26. Nd7+ Kg7 27. Rg2+ Kh8 28. Nf6 1-0

[Event "British Columbia op"]
[Site "Burnaby CAN"]
[Date "2025.02.15"]
[Round "1.15"]
[White "Gao, Justin"]
[Black "Daniel, Kyle"]
[Result "1-0"]
[WhiteElo "2017"]
[BlackElo "1798"]
[WhiteFideId "-1"]
[WhiteFideId "-1"]
[PlyCount "123"]
[GameId "2162699947118086"]
[EventDate "2025.02.15"]
[EventType "swiss"]
[EventRounds "6"]
[EventCountry "CAN"]

1. e4 c5 2. Nf3 d6 3. d4 cxd4 4. Nxd4 Nf6 5. Nc3 a6 6. Be2 e5 7. Nf3 h6 8. Be3 Be6 9. a4 Be7 10. Nd2 d5 11. exd5 Nxd5 12. Nxd5 Bxd5 13. O-O Qc7 14. c4 Be6 15. Bg4 Qd7 16. Bxe6 Qxe6 17. Qb3 Nd7 18. Rac1 O-O 19. Rfd1 Rfd8 20. c5 Qxb3 21. Nxb3 Rac8 22. Na5 Nxc5 23. Rxd8+ Rxd8 24. Bxc5 Bxc5 25. Nxb7 Bxf2+ 26. Kxf2 Rd2+ 27. Kf3 Rxb2 28. Rc8+ Kh7 29. Nc5 Rc2 30. Rc7 a5 31. Na6 e4+ 32. Kg3 Ra2 33. Rc4 e3 34. Nc5 e2 35. Kf2 e1=Q+ 36. Kxe1 Rxg2 37. h4 Rb2 38. Kd1 g5 39. Kc1 Rb6 40. hxg5 hxg5 41. Kc2 f5 42. Nb3 g4 43. Nd4 Kg6 44. Ne2 Kg5 45. Rc5 Ra6 46. Ng3 Kf4 47. Nxf5 g3 48. Nh4 Kg4 49. Ng2 Kf3 50. Ne1+ Kf2 51. Kd2 Rd6+ 52. Nd3+ Kf3 53. Rxa5 Rd4 54. Kc3 g2 55. Ne1+ Ke4 56. Nxg2 Rd8 57. Ne1 Rc8+ 58. Kb3 Rc1 59. Nc2 Rb1+ 60. Kc3 Rb8 61. Rb5 Ra8 62. Kb4 1-0

[Event "British Columbia op"]
[Site "Burnaby CAN"]
[Date "2025.02.15"]
[Round "1.16"]
[White "Lin, Michael"]
[Black "Mok, Erwin Jun-Han"]
[Result "1/2-1/2"]
[WhiteElo "1794"]
[BlackElo "1973"]
[WhiteFideId "-1"]
[WhiteFideId "-1"]
[PlyCount "86"]
[GameId "2162699947118087"]
[EventDate "2025.02.15"]
[EventType "swiss"]
[EventRounds "6"]
[EventCountry "CAN"]

1. d4 d5 2. c4 e6 3. Nc3 Nf6 4. cxd5 exd5 5. Bg5 c6 6. e3 h6 7. Bh4 Be7 8. Bd3 O-O 9. Nge2 Ne8 10. Bxe7 Qxe7 11. O-O Nd6 12. b4 Bf5 13. Bxf5 Nxf5 14. Qd3 Nd6 15. b5 Nd7 16. bxc6 bxc6 17. Na4 Nc4 18. Rab1 Rab8 19. Rb3 Rb4 20. Nec3 Rfb8 21. Rfb1 Na5 22. Rxb4 Rxb4 23. Rxb4 Qxb4 24. h3 Nc4 25. e4 Nf6 26. e5 Ne4 27. Nxe4 dxe4 28. Qc2 Qe1+ 29. Kh2 e3 30. fxe3 Nxe3 31. Qxc6 Nf1+ 32. Kh1 Ng3+ 33. Kh2 h5 34. Qc8+ Kh7 35. Qc3 Nf1+ 36. Kg1 Nd2+ 37. Kh2 h4 38. d5 Qf2 39. Kh1 Nf1 40. Qd3+ g6 41. Qf3 Ng3+ 42. Kh2 Nf1+ 43. Kh1 Ng3+ 1/2-1/2

[Event "British Columbia op"]
[Site "Burnaby CAN"]
[Date "2025.02.15"]
[Round "1.17"]
[White "Xu, Andrew"]
[Black "Zhang, Bicheng"]
[Result "1-0"]
[WhiteElo "1964"]
[BlackElo "1786"]
[WhiteFideId "-1"]
[WhiteFideId "-1"]
[PlyCount "67"]
[GameId "2162699947118088"]
[EventDate "2025.02.15"]
[EventType "swiss"]
[EventRounds "6"]
[EventCountry "CAN"]

1. e4 c5 2. Nf3 d6 3. Bb5+ Bd7 4. Bxd7+ Qxd7 5. c4 Nc6 6. Nc3 g6 7. d4 cxd4 8. Nxd4 Bg7 9. Be3 Nf6 10. f3 Rc8 11. b3 h5 12. Rc1 O-O 13. O-O Rfd8 14. Qd2 e6 15. Rfd1 d5 16. cxd5 exd5 17. exd5 Nxd5 18. Nxc6 Bxc3 19. Qxd5 Qxc6 20. Qxd8+ Rxd8 21. Rxd8+ Kh7 22. Rd3 Qa6 23. Rdxc3 Qxa2 24. b4 b6 25. Rc8 Qb2 26. R8c7 Kg7 27. Rxa7 Qxb4 28. Raa1 b5 29. Rab1 Qa4 30. Rb2 Qa3 31. Bd4+ Kh6 32. Rcb1 Qd3 33. Bf2 h4 34. h3 1-0

[Event "British Columbia op"]
[Site "Burnaby CAN"]
[Date "2025.02.15"]
[Round "1.18"]
[White "Lu, Aiden Hao-Ting"]
[Black "Arya, Aadit"]
[Result "1/2-1/2"]
[WhiteElo "1785"]
[BlackElo "1960"]
[WhiteFideId "-1"]
[WhiteFideId "-1"]
[PlyCount "147"]
[GameId "2162699947118089"]
[EventDate "2025.02.15"]
[EventType "swiss"]
[EventRounds "6"]
[EventCountry "CAN"]

1. e4 d5 2. exd5 Qxd5 3. Nc3 Qa5 4. d4 Nf6 5. Bd3 Bg4 6. f3 Bf5 7. Nge2 Nc6 8. a3 Bxd3 9. Qxd3 O-O-O 10. Qc4 e6 11. Bd2 Qf5 12. O-O-O Be7 13. Be3 Rhe8 14. Kb1 Nd5 15. Nxd5 Qxd5 16. Qxd5 exd5 17. Rd3 Na5 18. Nc3 Nc4 19. Bf4 Bf6 20. Ka2 a6 21. b3 Na5 22. Bg3 Nc6 23. Bf2 b5 24. b4 Kb7 25. Rb1 Kb6 26. Rd2 Bg5 27. Re2 Rxe2 28. Nxe2 Na7 29. f4 Bf6 30. Re1 Re8 31. Nc3 Rxe1 32. Bxe1 Kc6 33. Bf2 h5 34. Ne2 Nc8 35. Nc1 Nd6 36. Nd3 Ne4 37. Be3 Kd6 38. f5 Nc3+ 39. Kb3 Ne4 40. Bf4+ Kc6 41. Be5 Nd2+ 42. Kc3 Ne4+ 43. Kb2 Nd2 44. Bxf6 gxf6 45. g3 Nc4+ 46. Kb3 Ne3 47. Nf4 Nxf5 48. Nxh5 Nxd4+ 49. Kc3 Nf3 50. h3 Ng5 51. Nxf6 Nxh3 52. Kd4 Ng1 53. Nxd5 Ne2+ 54. Ke5 Nxg3 55. Ne3 Nh5 56. c4 bxc4 57. Nxc4 Kb5 58. Ne3 c6 59. Nc2 Kc4 60. Nd4 f6+ 61. Ke4 Ng3+ 62. Ke3 Nf1+ 63. Ke4 Ng3+ 64. Ke3 Nf1+ 65. Ke4 Nd2+ 66. Ke3 Nb1 67. Nxc6 Nxa3 68. Kf4 Nc2 69. Nb8 Nxb4 70. Nxa6 Nd5+ 71. Kf5 Kb5 72. Nc7+ Kc5 73. Nxd5 Kxd5 74. Kxf6 1/2-1/2

[Event "British Columbia op"]
[Site "Burnaby CAN"]
[Date "2025.02.15"]
[Round "1.19"]
[White "Zhang, Kai Zhongkai"]
[Black "Li, Moses"]
[Result "1-0"]
[WhiteElo "1937"]
[BlackElo "1741"]
[WhiteFideId "-1"]
[WhiteFideId "-1"]
[PlyCount "97"]
[GameId "2162699947118090"]
[EventDate "2025.02.15"]
[EventType "swiss"]
[EventRounds "6"]
[EventCountry "CAN"]

1. e4 c6 2. d4 d5 3. e5 Bf5 4. Nf3 e6 5. Be2 Ne7 6. O-O Bg6 7. c3 Nd7 8. Na3 b5 9. Nc2 Nb6 10. Bg5 Qd7 11. Bd3 Bxd3 12. Qxd3 h6 13. Bxe7 Bxe7 14. Ne3 Nc4 15. b3 Nxe3 16. fxe3 O-O 17. b4 a5 18. a3 axb4 19. cxb4 Ra6 20. Qb3 Rfa8 21. Ne1 f6 22. exf6 Bxf6 23. Nd3 Qa7 24. Qc3 Rxa3 25. Rxa3 Qxa3 26. Qxc6 Qa6 27. Qd7 Rd8 28. Qc7 Rc8 29. Qg3 Rf8 30. Nc5 Qc6 31. Qg4 e5 32. Ne6 Rf7 33. dxe5 h5 34. Qh3 Bg5 35. Nxg5 Rxf1+ 36. Kxf1 Qc1+ 37. Kf2 Qd2+ 38. Kf3 Qd1+ 39. Kf4 Qf1+ 40. Nf3 Qc4+ 41. Nd4 Qf1+ 42. Kg5 Qe1 43. Qc8+ Kh7 44. Qf5+ Kg8 45. Kg6 Qb1 46. Qxb1 h4 47. Qf1 h3 48. Qf7+ Kh8 49. Qe8# 1-0

[Event "British Columbia op"]
[Site "Burnaby CAN"]
[Date "2025.02.15"]
[Round "1.20"]
[White "Lu, Karson"]
[Black "Rathburn, Lia"]
[Result "0-1"]
[WhiteElo "1733"]
[BlackElo "1913"]
[WhiteFideId "-1"]
[WhiteFideId "-1"]
[PlyCount "86"]
[GameId "2162699947118091"]
[EventDate "2025.02.15"]
[EventType "swiss"]
[EventRounds "6"]
[EventCountry "CAN"]

1. d4 d6 2. Bf4 g6 3. e3 Bg7 4. Nf3 c6 5. c3 Nd7 6. Nbd2 h5 7. h3 a5 8. a4 Nh6 9. e4 O-O 10. Bxh6 Bxh6 11. g4 e5 12. gxh5 d5 13. hxg6 f5 14. exd5 e4 15. dxc6 bxc6 16. Ne5 Nxe5 17. dxe5 Qh4 18. Bc4+ Kg7 19. Qe2 Rb8 20. b3 Qe7 21. e6 Bxe6 22. Bxe6 Qxe6 23. Qc4 Bxd2+ 24. Kxd2 Rfd8+ 25. Kc2 Qxc4 26. bxc4 Kxg6 27. Rad1 Kg5 28. Rxd8 Rxd8 29. Rd1 Rxd1 30. Kxd1 Kh4 31. Ke2 Kxh3 32. f3 Kg2 33. fxe4 f4 34. e5 f3+ 35. Ke3 f2 36. e6 f1=Q 37. Kd4 Qf6+ 38. Kc5 Qxe6 39. Kb6 Qxc4 40. Kxa5 Kf3 41. Kb6 Qxa4 42. Kc5 Qb5+ 43. Kd4 Qd5# 0-1

[Event "British Columbia op"]
[Site "Burnaby CAN"]
[Date "2025.02.15"]
[Round "1.21"]
[White "Yin, Andrew"]
[Black "Cheng, Peter Qian"]
[Result "1/2-1/2"]
[WhiteElo "1910"]
[BlackElo "1730"]
[WhiteFideId "-1"]
[WhiteFideId "-1"]
[PlyCount "96"]
[GameId "2162699947167244"]
[EventDate "2025.02.15"]
[EventType "swiss"]
[EventRounds "6"]
[EventCountry "CAN"]

1. e4 c6 2. d4 d5 3. exd5 cxd5 4. Bd3 Nf6 5. c3 Nc6 6. Bf4 Bg4 7. Qb3 Qd7 8. Nd2 e6 9. Ngf3 Bd6 10. Bxd6 Qxd6 11. Qxb7 Rb8 12. Qa6 O-O 13. O-O Rb6 14. Qa4 Bxf3 15. Nxf3 Rxb2 16. Bb5 Ne7 17. Rab1 Rxb1 18. Rxb1 Ne4 19. Rc1 Qf4 20. Rc2 Ng6 21. Qxa7 h5 22. a4 Rc8 23. Qa5 Ng5 24. Nxg5 Qxg5 25. Qa6 Rf8 26. Qd6 Nf4 27. Bf1 Nh3+ 28. Kh1 Qf5 29. Rb2 Nxf2+ 30. Kg1 Ne4 31. Qc7 Qg5 32. Re2 Qc1 33. c4 Qc3 34. Qe5 Nf6 35. Re3 Qa1 36. Rg3 Ng4 37. Qf4 dxc4 38. Qd2 Rd8 39. Qc3 Qxa4 40. h3 Nf6 41. d5 Ne8 42. dxe6 fxe6 43. Bxc4 Qd1+ 44. Kh2 Qd6 45. Kh1 Qd1+ 46. Kh2 Qd6 47. Kh1 Qd1+ 48. Kh2 Qd6 1/2-1/2

[Event "British Columbia op"]
[Site "Burnaby CAN"]
[Date "2025.02.15"]
[Round "1.22"]
[White "Zhang, Jasper"]
[Black "Zaruev, Timur"]
[Result "1-0"]
[WhiteElo "1720"]
[BlackElo "1902"]
[WhiteFideId "-1"]
[WhiteFideId "-1"]
[PlyCount "95"]
[GameId "2162699947167245"]
[EventDate "2025.02.15"]
[EventType "swiss"]
[EventRounds "6"]
[EventCountry "CAN"]

1. d4 Nf6 2. Bf4 d5 3. e3 c5 4. c3 e6 5. Nd2 Be7 6. Ngf3 O-O 7. Bd3 Nbd7 8. Ne5 Nxe5 9. dxe5 Nd7 10. Qg4 g6 11. h4 c4 12. Bc2 f5 13. Qg3 Kh8 14. Bg5 Nc5 15. Nf3 Rg8 16. Nd4 Bd7 17. f3 b5 18. a3 a5 19. Ke2 Rb8 20. Rhd1 Qf8 21. Qf4 Na4 22. Rab1 h5 23. Rg1 Kh7 24. Rgd1 Qf7 25. Rg1 b4 26. Bxa4 Bxa4 27. axb4 axb4 28. Ra1 bxc3 29. bxc3 Rb2+ 30. Kf1 Bxg5 31. Qxg5 Bc2 32. Kf2 Rgb8 33. Kg3 Bd3 34. Nc6 Rc8 35. Ra7 Rc7 36. Rga1 Rbb7 37. Rxb7 Rxb7 38. Nd8 Qc7 39. Nxb7 Qxe5+ 40. Kh3 Qxc3 41. Qe7+ Qg7 42. Qxg7+ Kxg7 43. Nc5 e5 44. Nxd3 cxd3 45. Ra5 e4 46. Rxd5 Kf6 47. fxe4 fxe4 48. Kg3 1-0

[Event "British Columbia op"]
[Site "Burnaby CAN"]
[Date "2025.02.15"]
[Round "1.23"]
[White "Yu, Ryan Bole"]
[Black "Radic, Dejan"]
[Result "1-0"]
[WhiteElo "1897"]
[BlackElo "1707"]
[WhiteFideId "-1"]
[WhiteFideId "-1"]
[PlyCount "49"]
[GameId "2162699947167246"]
[EventDate "2025.02.15"]
[EventType "swiss"]
[EventRounds "6"]
[EventCountry "CAN"]

1. d4 Nf6 2. Nc3 d5 3. Bf4 g6 4. e3 Bg7 5. Nf3 O-O 6. Ne5 Nh5 7. Qf3 Nxf4 8. exf4 e6 9. h4 Nd7 10. h5 g5 11. h6 Bxe5 12. fxe5 f6 13. Qg4 Qe7 14. Rh5 Kh8 15. O-O-O Rg8 16. f4 gxf4 17. Qxf4 fxe5 18. dxe5 Qf8 19. Qe3 Qe8 20. Rg5 Rg6 21. Rxg6 Qxg6 22. Bd3 Qh5 23. Qf4 Qxe5 24. Qh4 Nf6 25. Rf1 1-0

[Event "British Columbia op"]
[Site "Burnaby CAN"]
[Date "2025.02.15"]
[Round "1.24"]
[White "Landingin, Jofrel"]
[Black "Guo, Biaobiao Boyong"]
[Result "1-0"]
[WhiteElo "1693"]
[BlackElo "1895"]
[WhiteFideId "-1"]
[WhiteFideId "-1"]
[PlyCount "69"]
[GameId "2162699947167247"]
[EventDate "2025.02.15"]
[EventType "swiss"]
[EventRounds "6"]
[EventCountry "CAN"]

1. e4 e6 2. f4 d5 3. e5 c5 4. Bb5+ Bd7 5. Qe2 a6 6. Bxd7+ Qxd7 7. Nf3 Nc6 8. d3 Nge7 9. c3 Nc8 10. O-O Be7 11. d4 c4 12. Na3 b5 13. Nc2 a5 14. a3 Nb6 15. g4 h5 16. Ne3 hxg4 17. Nxg4 Qb7 18. Ng5 Bxg5 19. fxg5 Ne7 20. Bd2 Nbc8 21. Ne3 Ng6 22. Rf2 Nce7 23. Raf1 Nh4 24. Rxf7 g6 25. Qf2 O-O-O 26. Qf6 Rde8 27. Qxe6+ Kb8 28. Qd6+ Ka8 29. R1f6 Rh5 30. Nxd5 Qxd5 31. Qa6+ Kb8 32. Rb6+ Kc7 33. Qa7+ Kd8 34. Rb8+ Nc8 35. Qc7# 1-0

[Event "British Columbia op"]
[Site "Burnaby CAN"]
[Date "2025.02.15"]
[Round "1.25"]
[White "Lu, Samuel"]
[Black "Yang, Larry"]
[Result "1-0"]
[WhiteElo "1885"]
[BlackElo "1685"]
[WhiteFideId "-1"]
[WhiteFideId "-1"]
[PlyCount "155"]
[GameId "2162699947167248"]
[EventDate "2025.02.15"]
[EventType "swiss"]
[EventRounds "6"]
[EventCountry "CAN"]

1. e4 c6 2. d4 d5 3. exd5 cxd5 4. Bd3 Nc6 5. c3 Qc7 6. Nf3 Bg4 7. O-O e6 8. h3 Bh5 9. Re1 Be7 10. Nbd2 Nf6 11. b3 O-O 12. Bb2 Rac8 13. Nf1 Bd6 14. N1d2 Rfd8 15. Rc1 Qd7 16. c4 Bf4 17. g4 Bg6 18. Bxg6 hxg6 19. Bc3 Qc7 20. c5 a5 21. a4 Nd7 22. Qe2 Ndb8 23. Rcd1 Na6 24. Nb1 Nab4 25. Na3 Qd7 26. Nb5 Ra8 27. Kg2 Na6 28. Bd2 Bxd2 29. Qxd2 Nc7 30. Nxc7 Qxc7 31. h4 Ne7 32. Rh1 f6 33. Rde1 Kf7 34. Qe3 Ra6 35. g5 Nf5 36. Qd2 Rh8 37. Reg1 Raa8 38. Kf1 Rag8 39. Rg4 Rh5 40. Rhg1 Rhh8 41. Qd3 Qd7 42. Qe2 Qc6 43. Qb5 Qc7 44. Kg2 Rh5 45. Rc1 Rc8 46. b4 axb4 47. Qxb4 Rhh8 48. Rb1 Rb8 49. Qb3 Qc6 50. Kh3 Ne7 51. Rf4 Nf5 52. Qb4 Qc7 53. Rg4 Qc6 54. Rbg1 Rbg8 55. Rb1 Rb8 56. a5 Qc7 57. Qb6 Qc6 58. Rb4 Ne7 59. Rg1 Rhc8 60. Rgb1 Qe8 61. Qb5 Qd8 62. Qa4 Qc7 63. R4b3 Qd8 64. Rb6 Qc7 65. Qb3 Nc6 66. Qb5 Ne7 67. Rd6 Kf8 68. Rxe6 Qf4 69. Qd3 Re8 70. Rbe1 Rbd8 71. Rg1 Rd7 72. gxf6 gxf6 73. Rg4 Qh6 74. Rxf6+ Kg7 75. Rff4 Qh5 76. Ne5 Rc7 77. Rf7+ Kg8 78. Rg5 1-0

[Event "British Columbia op"]
[Site "Burnaby CAN"]
[Date "2025.02.15"]
[Round "1.26"]
[White "Wangluo, Joanne"]
[Black "Wu, Bowen"]
[Result "1/2-1/2"]
[WhiteElo "1641"]
[BlackElo "1880"]
[WhiteFideId "-1"]
[WhiteFideId "-1"]
[PlyCount "116"]
[GameId "2162699947167249"]
[EventDate "2025.02.15"]
[EventType "swiss"]
[EventRounds "6"]
[EventCountry "CAN"]

1. d4 d5 2. c4 c6 3. e3 Nf6 4. Nc3 e6 5. Nf3 Bd6 6. Be2 O-O 7. O-O Nbd7 8. Qc2 Re8 9. Rd1 Qc7 10. h3 e5 11. dxe5 Nxe5 12. Nxe5 Bxe5 13. Bd3 Be6 14. cxd5 cxd5 15. Bd2 Rac8 16. Rac1 Qe7 17. Qb1 a6 18. Bf5 Bxf5 19. Qxf5 Qe6 20. Qxe6 fxe6 21. b3 Rc7 22. Na4 Rec8 23. Rxc7 Rxc7 24. Rc1 Rxc1+ 25. Bxc1 Nd7 26. Bb2 Bd6 27. Nc3 Ne5 28. Ne2 Nd3 29. Bc3 Nb4 30. a4 Nd3 31. Nd4 e5 32. Nf5 Bf8 33. Kf1 g6 34. Ng3 Bg7 35. Ne2 Nc5 36. Nc1 Kf7 37. Ke2 Ke6 38. f3 b6 39. a5 b5 40. Bb4 Nb7 41. Nd3 Bf6 42. g4 Bd8 43. Bc3 Bc7 44. b4 Bd6 45. e4 d4 46. Bd2 Be7 47. g5 Nd8 48. h4 Nf7 49. Kf1 Kd7 50. Ke2 Kc6 51. Kd1 Kb7 52. Ke2 Ka7 53. Kd1 Bf8 54. Be1 h6 55. gxh6 Bxh6 56. Bg3 Bg7 57. Kc2 Kb7 58. Nc5+ Ka7 1/2-1/2

[Event "British Columbia op"]
[Site "Burnaby CAN"]
[Date "2025.02.15"]
[Round "1.27"]
[White "Peiris, T G M"]
[Black "Laha, Joydeep"]
[Result "1-0"]
[WhiteElo "1870"]
[BlackElo "1638"]
[WhiteFideId "-1"]
[WhiteFideId "-1"]
[PlyCount "65"]
[GameId "2162699947167250"]
[EventDate "2025.02.15"]
[EventType "swiss"]
[EventRounds "6"]
[EventCountry "CAN"]

1. e4 c5 2. Nf3 d6 3. c3 Nf6 4. Be2 Nc6 5. d3 e6 6. O-O Be7 7. Re1 O-O 8. Bf1 Bd7 9. d4 cxd4 10. cxd4 Qb6 11. Nc3 Rfd8 12. h3 h6 13. Rb1 a6 14. d5 Ne5 15. Be3 Nxf3+ 16. Qxf3 Qa5 17. b4 Qc7 18. Rec1 Qb8 19. a4 exd5 20. exd5 b5 21. a5 Qb7 22. Re1 Re8 23. Bd4 Kf8 24. Bd3 Rab8 25. Rbc1 Ng8 26. Ne4 Qxd5 27. Nc5 Bc6 28. Qxd5 dxc5 29. Bxg7+ Kxg7 30. Qxc6 c4 31. Bf5 Red8 32. Rb1 Rd6 33. Qc7 1-0

[Event "British Columbia op"]
[Site "Burnaby CAN"]
[Date "2025.02.15"]
[Round "1.28"]
[White "Li, Aaron"]
[Black "Cachelin, Justin"]
[Result "1-0"]
[WhiteElo "1632"]
[BlackElo "1867"]
[WhiteFideId "-1"]
[WhiteFideId "-1"]
[PlyCount "61"]
[GameId "2162699947167251"]
[EventDate "2025.02.15"]
[EventType "swiss"]
[EventRounds "6"]
[EventCountry "CAN"]

1. d4 Nf6 2. c4 g6 3. Nc3 Bg7 4. e4 d6 5. Nf3 O-O 6. Bg5 c5 7. Qd2 cxd4 8. Nxd4 Nc6 9. Nxc6 bxc6 10. Bh6 Bxh6 11. Qxh6 Ng4 12. Qd2 Qb6 13. h3 Ne5 14. f4 Nd7 15. g4 Nc5 16. f5 Kg7 17. h4 Rb8 18. Rb1 Nd7 19. h5 Ne5 20. Be2 Rh8 21. hxg6 hxg6 22. Rf1 Rh2 23. Qf4 Rh3 24. fxg6 Bxg4 25. gxf7 Kf8 26. Qg5 Rh8 27. Bxg4 Nxg4 28. Qxg4 Qe3+ 29. Ne2 a5 30. Rg1 Kxf7 31. Qg6+ 1-0

[Event "British Columbia op"]
[Site "Burnaby CAN"]
[Date "2025.02.15"]
[Round "1.29"]
[White "Yin, Aiden"]
[Black "Zhu, Aiden"]
[Result "1-0"]
[WhiteElo "1863"]
[BlackElo "1627"]
[WhiteFideId "-1"]
[WhiteFideId "-1"]
[PlyCount "59"]
[GameId "2162699947167252"]
[EventDate "2025.02.15"]
[EventType "swiss"]
[EventRounds "6"]
[EventCountry "CAN"]

1. e4 c5 2. Nf3 d6 3. d4 cxd4 4. Nxd4 Nf6 5. Nc3 a6 6. f3 e5 7. Nb3 Be6 8. Be3 Be7 9. Qd2 O-O 10. O-O-O a5 11. Kb1 Na6 12. g4 Nc7 13. h4 a4 14. Nc1 Qb8 15. h5 d5 16. g5 d4 17. gxf6 dxc3 18. Qxc3 Bxf6 19. Rg1 b5 20. Bg5 Bxg5 21. Rxg5 f6 22. Rg3 b4 23. Qe3 Kh8 24. Bh3 a3 25. b3 Nb5 26. Bxe6 Nc3+ 27. Ka1 Nxd1 28. Qg1 Nc3 29. Rxg7 Qd6 30. Rxh7+ 1-0

[Event "British Columbia op"]
[Site "Burnaby CAN"]
[Date "2025.02.15"]
[Round "1.30"]
[White "Sen, Arya Volkan"]
[Black "Mingrone, Peter"]
[Result "0-1"]
[WhiteElo "1582"]
[BlackElo "1856"]
[WhiteFideId "-1"]
[WhiteFideId "-1"]
[PlyCount "52"]
[GameId "2162699947167253"]
[EventDate "2025.02.15"]
[EventType "swiss"]
[EventRounds "6"]
[EventCountry "CAN"]

1. c4 Nf6 2. Nf3 g6 3. g3 Bg7 4. Bg2 O-O 5. O-O d6 6. d4 c6 7. Nc3 Qb6 8. Qc2 Qa6 9. b3 b5 10. cxb5 cxb5 11. a4 b4 12. Nb5 Bf5 13. Qd2 Qb6 14. Ng5 d5 15. Qf4 Nc6 16. e4 Nxe4 17. Nxe4 Bxe4 18. Bxe4 dxe4 19. Be3 Nxd4 20. Qxe4 Qc6 21. Qxc6 Nxc6 22. Rac1 Rfc8 23. Rfd1 a6 24. Nd4 Nxd4 25. Rxc8+ Rxc8 26. Bxd4 Rd8 0-1

[Event "British Columbia op"]
[Site "Burnaby CAN"]
[Date "2025.02.15"]
[Round "2.1"]
[White "Rathburn, Lia"]
[Black "Cheng, Bindi"]
[Result "0-1"]
[WhiteElo "1913"]
[BlackElo "2427"]
[WhiteFideId "-1"]
[WhiteFideId "-1"]
[PlyCount "123"]
[GameId "2151397239857485"]
[EventDate "2025.02.15"]
[EventType "swiss"]
[EventRounds "6"]
[EventCountry "CAN"]

1. g3 Nf6 2. Bg2 g6 3. d3 Bg7 4. Nc3 O-O 5. e4 d6 6. h3 c5 7. Be3 Nc6 8. Qd2 Nd4 9. Nd1 e5 10. c3 Nc6 11. Ne2 Re8 12. O-O b6 13. Bg5 Ba6 14. c4 Qe7 15. Ndc3 Qf8 16. f4 h6 17. Bxf6 Bxf6 18. Nd5 Bd8 19. f5 Qg7 20. Nec3 Nd4 21. Qd1 Bb7 22. Qa4 Bc6 23. Qd1 Rb8 24. a4 a6 25. Kh2 Kh8 26. b4 Rg8 27. f6 Qf8 28. b5 Bb7 29. bxa6 Bxa6 30. Rb1 Qe8 31. Qd2 Kh7 32. Qf2 Qc6 33. Ne7 Qd7 34. Nxg8 Kxg8 35. Nd5 Qa7 36. Qe3 Kh7 37. Rf2 Bb7 38. Nc3 Bc6 39. Ra2 Bxf6 40. Qf2 Kg7 41. Rf1 Qe7 42. Nd5 Bxd5 43. exd5 h5 44. Rb2 h4 45. g4 e4 46. Qxf6+ Qxf6 47. Rxf6 Kxf6 48. dxe4 Ra8 49. Rxb6 Ke5 50. Rb7 Rxa4 51. Rxf7 Rxc4 52. g5 Rc2 53. Kg1 Ne2+ 54. Kf1 Nf4 55. Re7+ Kd4 56. e5 Rc1+ 57. Kf2 Nd3+ 58. Ke2 Rc2+ 59. Kf1 Nxe5 60. Rh7 Ke3 61. Kg1 Kf4 62. Rf7+ 0-1

[Event "British Columbia op"]
[Site "Burnaby CAN"]
[Date "2025.02.15"]
[Round "2.2"]
[White "Yu, Ryan Bole"]
[Black "Yang, Jingyun (Ryan)"]
[Result "0-1"]
[WhiteElo "1897"]
[BlackElo "2331"]
[WhiteFideId "-1"]
[WhiteFideId "-1"]
[PlyCount "56"]
[GameId "2162699947167255"]
[EventDate "2025.02.15"]
[EventType "swiss"]
[EventRounds "6"]
[EventCountry "CAN"]

1. d4 Nf6 2. Nc3 d5 3. Bf4 e6 4. Nb5 Na6 5. e3 c6 6. Nc3 Be7 7. Nf3 O-O 8. h4 c5 9. h5 Nb4 10. h6 g6 11. Ne5 Nc6 12. Na4 Nxe5 13. Bxe5 b6 14. Nc3 Bb7 15. Qf3 Ne8 16. a3 f6 17. Bg3 Bd6 18. Bxd6 Qxd6 19. Qg4 f5 20. Qg5 a6 21. Be2 Nf6 22. g4 cxd4 23. exd4 Rac8 24. gxf5 exf5 25. f3 Rfe8 26. Kd2 Qe7 27. Qf4 Rxc3 28. Kxc3 Qxe2 0-1

[Event "British Columbia op"]
[Site "Burnaby CAN"]
[Date "2025.02.15"]
[Round "2.3"]
[White "Chen, Yidong"]
[Black "Lu, Samuel"]
[Result "1-0"]
[WhiteElo "2260"]
[BlackElo "1885"]
[WhiteFideId "-1"]
[WhiteFideId "-1"]
[PlyCount "155"]
[GameId "2162699947167256"]
[EventDate "2025.02.15"]
[EventType "swiss"]
[EventRounds "6"]
[EventCountry "CAN"]

1. Nf3 d5 2. c4 e6 3. g3 Nf6 4. Bg2 c5 5. O-O Nc6 6. cxd5 exd5 7. d4 h6 8. Nc3 Be6 9. b3 Rc8 10. Bb2 Be7 11. Rc1 Nb8 12. dxc5 Bxc5 13. Nd4 Bxd4 14. Qxd4 Nc6 15. Qd2 O-O 16. Rfd1 a6 17. Na4 Re8 18. Nc5 Qe7 19. Bxf6 Qxf6 20. Nxb7 Ne7 21. Nc5 Rc6 22. Nd3 Rec8 23. Rxc6 Rxc6 24. Nb4 Rd6 25. h3 g5 26. Nc2 Nc6 27. Nd4 Nxd4 28. Qxd4 Qxd4 29. Rxd4 Rd7 30. h4 Kg7 31. hxg5 hxg5 32. Ra4 Rd6 33. Kf1 Rc6 34. Ke1 Rc2 35. Kd1 Rb2 36. Bf3 Rb1+ 37. Kd2 Rf1 38. Ke3 Rc1 39. g4 Kf6 40. Kd2 Rc6 41. e3 Ke5 42. Ra5 Kd6 43. Kd3 Rb6 44. Be2 Bc8 45. Kd4 Rb4+ 46. Kc3 Rb6 47. a3 f6 48. f3 Bb7 49. b4 Ke6 50. Kd4 Kd6 51. Bd3 Ke6 52. Bf5+ Kd6 53. Bd3 Ke6 54. Rc5 Kd6 55. Rc2 Rc6 56. Rh2 Rc7 57. Rh6 Rf7 58. f4 gxf4 59. exf4 Ke7 60. Rh7 Rxh7 61. Bxh7 Kd6 62. Bg8 Bc6 63. g5 fxg5 64. fxg5 Be8 65. Bxd5 Bg6 66. Bc4 a5 67. b5 Be8 68. Bd3 Kc7 69. Kc5 Bf7 70. g6 Be6 71. g7 Bf7 72. Bc4 Bxc4 73. Kxc4 Kb6 74. g8=Q Ka7 75. Kc5 Kb7 76. Qf7+ Kc8 77. Kc6 Kb8 78. Qb7# 1-0